| 000 | 02867nam0a2200409 4500 | ||
|---|---|---|---|
| 001 | RU\NLR\BIBL_A\012843022 | ||
| 005 | 20230329101355.0 | ||
| 010 |
_a978-5-00180-542-7 _9200 |
||
| 021 |
_aRU _bКН-П-22-025044 _9КН-П-22-2145 |
||
| 035 | _a(NLR Aleph) 012843022 | ||
| 035 | _a(RuMoRGB)011048862 | ||
| 090 |
_a12402011 _c12402011 |
||
| 100 | _a20220707d2022 u y0rusy50 ca | ||
| 101 | 0 | _arus | |
| 102 | _aRU | ||
| 105 | _ay z 000zy | ||
| 181 | 0 |
_ai _baxxe |
|
| 182 | 0 | _an | |
| 200 | 1 |
_aВся Отечественная война 1812 года _eсамое полное изложение _fЛюбомир Бескровный |
|
| 203 |
_aТекст _bвизуальный _cнепосредственный |
||
| 210 |
_aМосква _cРодина _d2022 |
||
| 215 |
_a430, [1] с. _d21 |
||
| 225 | 1 | _aРусская история | |
| 300 | _aНа 4-й с. обл. авт.: Любомир Бескровный, д-р ист. наук | ||
| 320 | _aБиблиогр. в примеч.: с. 377-431 | ||
| 330 | _aЛюбомир Григорьевич Бескровный - доктор исторических наук, долгое время был профессором Военной академии им. М. В. Фрунзе, впоследствии заведовал здесь же кафедрой военной истории. Он по праву считается крупнейшим специалистом в области истории армии и флота Российской империи. Его фундаментальная книга обобщает все что было сделано в области изучения Отечественной войны 1812 года. Сюда включены материалы, характеризующие дипломатическую и экономическую подготовку войны, стратегию и тактику русского командования, ход военных действий. На основе проведенных исследований автор по-новому раскрывает стратегический план М. И. Кутузова и его реализацию: большое внимание уделяется также партизанской войне в 1812 году | ||
| 333 | _a16+ | ||
| 606 | 1 |
_aОтечественная война _z1812 _91081525 _3RU\NLR\AUTH\66103959 |
|
| 675 |
_a355.48(47+57)<1812> _v4 |
||
| 686 |
_a63.3(2)521.1-686 _2rubbks |
||
| 686 | 1 | _aЦ35(2)471.6 | |
| 686 | 1 | _aТ3(2)471-686.1 | |
| 700 | 1 |
_aБескровный _bЛ. Г. _cд-р ист. наук _f1905-1980 _gЛюбомир Григорьевич _9182005 _3RU\NLR\AUTH\770182056 |
|
| 942 | _cBOOK | ||
| 980 | _aNB | ||